| 000 | 01012nam a2200361 a 4500 | ||
|---|---|---|---|
| 003 | AR-BaBNM | ||
| 005 | 20251128205955.0 | ||
| 008 | 082120s2002 ||||||||||||||000 | spa|| | ||
| 020 | _a968-444-132-0 | ||
| 040 | _cAR-BaBNM | ||
| 100 | 1 | _aPuga, Cristina | |
| 245 | 0 | 0 |
_aHacia la sociología _n1 |
| 260 |
_aMéxico, D.F. _bAlhambra _c1997 |
||
| 300 |
_a180 p. _btablas |
||
| 500 | _aAl final de la obra contiene un cuadro desplegable con una síntesis de las corrientes ideológicas de la sociología | ||
| 650 | 4 | _aSOCIOLOGIA CULTURAL | |
| 650 | 4 | _aSOCIOLOGIA | |
| 650 | 4 | _aCIENCIAS SOCIALES | |
| 650 | 4 | _aESTRUCTURA SOCIAL | |
| 650 | 4 | _aGRUPOS ETNICOS | |
| 650 | 4 | _aGRUPOS ETNICOS | |
| 650 | 4 | _aRELACIONES RACIALES | |
| 650 | 4 | _aCULTURA | |
| 650 | 4 | _aINSTITUCIONES POLITICAS | |
| 650 | 4 | _aHISTORIA | |
| 650 | 4 | _aSOCIOLOGIA | |
| 650 | 4 | _aCONCEPTOS | |
| 650 | 4 | _aESTUDIOS SOCIALES | |
| 700 | 1 | _aPeschard, Jaqueline | |
| 700 | 1 | _aCastro, Teresita | |
| 942 | _cBK | ||
| 998 | _cMariana | ||
| 999 |
_c13558 _d13558 |
||